Giornale musicale del Teatro italiano di St. Pietroburgo, o scelta d'arie, duetti, terzetti, overturi, etc. delle opere buffe, rappresentate sul Teatro imperiale de St. Pietroburgo, dati in luce ed acomodati per essere accompagnati d'un cembalo solo da Bernardo Theodoro Breitkopf, dilettante: Ноты. [Т. 4] (Запись № 12720536)

Подробности
000 -МАРКЕР
контрольное поле 02500ncs2a2200313 i 4500
001 - ИДЕНТИФИКАТОР ЗАПИСИ
контрольное поле RU\NLR\ONIZ\298075
005 - ИДЕНТИФИКАТОР ВЕРСИИ
контрольное поле 20240729195411.0
035 ## - ДРУГИЕ СИСТЕМНЫЕ НОМЕРА
Идентификатор записи (NLR Aleph) 022092313
100 ## - ДАННЫЕ ОБЩЕЙ ОБРАБОТКИ
Данные общей обработки 20230511c1797 |||y0rusy50 ca
101 0# - ЯЗЫК РЕСУРСА
Язык текста, звукозаписи и т.д. итальянский
102 ## - СТРАНА ПУБЛИКАЦИИ ИЛИ ПРОИЗВОДСТВА
Страна публикации российская федерация
110 ## - ПОЛЕ КОДИРОВАННЫХ ДАННЫХ: ПРОДОЛЖАЮЩИЕСЯ РЕСУРСЫ
Кодированные данные продолжающегося ресурса ayuzz 0|y|
125 ## - ПОЛЕ КОДИРОВАННЫХ ДАННЫХ: ЗВУКОЗАПИСИ И НОТНЫЕ ИЗДАНИЯ
Форма изложения нотного текста c|
145 0# - ПОЛЕ КОДИРОВАННЫХ ДАННЫХ: СРЕДСТВО ИСПОЛНЕНИЯ МУЗЫКАЛЬНОГО ПРОИЗВЕДЕНИЯ (УСТАРЕВШЕЕ)
Тип средства исполнения c
200 1# - ЗАГЛАВИЕ И СВЕДЕНИЯ ОБ ОТВЕТСТВЕННОСТИ
Основное заглавие [Т. 4]
203 ## - ВИД СОДЕРЖАНИЯ И ТИП СРЕДСТВА
Вид содержания Музыка
Дополнительные сведения об издании знаковая
-- визуальная
Тип средства непосредственная
207 #0 - ОБЛАСТЬ СПЕЦИФИЧЕСКИХ СВЕДЕНИЙ: НУМЕРАЦИЯ ПРОДОЛЖАЮЩИХСЯ РЕСУРСОВ
Нумерация: даты и обозначения томов № 37-48
210 ## - ПУБЛИКАЦИЯ, РАСПРОСТРАНЕНИЕ И ДР.
Дата издания, распространения и т.д. [1797]
215 ## - ФИЗИЧЕСКАЯ ХАРАКТЕРИСТИКА
Размеры 23х31 см
225 1# - СЕРИЯ
Основное заглавие серии Giornale musicale del Teatro italiano di St. Pietroburgo, o scelta d'arie, duetti, terzetti, overturi, etc. delle opere buffe, rappresentate sul Teatro imperiale de St. Pietroburgo, dati in luce ed acomodati per essere accompagnati d'un cembalo solo da Bernardo Theodoro Breitkopf, dilettante
313 ## - ПРИМЕЧАНИЯ, ОТНОСЯЩИЕСЯ К ТЕМАТИЧЕСКОМУ ДОСТУПУ
Текст примечания Систематизация документа проведена по изданию - Методика классифицирования музыкальных произведений (нотных изданий) по таблицам Библиотечно-библиографических классификаций : метод. рекомендации / Гос. б-ка СССР им. В.И. Ленина.- М., 1977. Индексу ББК методических рекомендаций присваивается код ББК для научных библиотек - LBC/SL
461 #0 - УРОВЕНЬ НАБОРА
Встроенное поле 001RU\NLR\ONIZ\303181
-- 2001#$aGiornale musicale del Teatro italiano di St. Pietroburgo, o scelta d'arie, duetti, terzetti, overturi, etc. delle opere buffe, rappresentate sul Teatro imperiale de St. Pietroburgo, dati in luce ed acomodati per essere accompagnati d'un cembalo solo da Bernardo Theodoro Breitkopf, dilettante$bНоты$e[per canto con accompagnato di cembalo, per cembalo solo]$v
Системный номер (АБИС) связанной записи 12720462
Место публикации St. Pietroburgo
Дата публикации 1795-1798
Имя издателя, распространителя и т.д. nella Libreria di Ch. Lisner e dall'editore [B. Th. Breitkopf]
Сведения, относящиеся к заглавию [per canto con accompagnato di cembalo, per cembalo solo]
Заглавие Giornale musicale del Teatro italiano di St. Pietroburgo, o scelta d'arie, duetti, terzetti, overturi, etc. delle opere buffe, rappresentate sul Teatro imperiale de St. Pietroburgo, dati in luce ed acomodati per essere accompagnati d'un cembalo solo da Bernardo Theodoro Breitkopf, dilettante: Ноты
801 #0 - ИСТОЧНИК ЗАПИСИ
Страна российская федерация
Организация NLR
Дата составления 20230511
Правила каталогизации PSBO
801 #1 - ИСТОЧНИК ЗАПИСИ
Страна российская федерация
Организация NLR
Дата составления 20230511
Источник данных rusmarc
801 #2 - ИСТОЧНИК ЗАПИСИ
Страна российская федерация
Организация NLR
Дата составления 20231130
942 ## - ДОПОЛНИТЕЛЬНЫЕ ЭЛЕМЕНТЫ ЗАПИСИ (АБИС)
Тип экземпляра АБИС Журнал
980 ## - КОЛЛЕКЦИЯ
Название коллекции Отдел нот и звукозаписей

Нет доступных экземпляров.